| 000 | 01630nam a22002537a 4500 | ||
|---|---|---|---|
| 005 | 20120828144726.0 | ||
| 010 | _aB-461823-827 | ||
| 020 |
_a9788129103543 _c195.00 |
||
| 035 | _aB-461823-827 | ||
| 037 |
_adpl _bAllied Pub/Ven |
||
| 082 | _a782.42169092 | ||
| 100 |
_aMajumdar, Abhik _951829 |
||
| 245 |
_aBhimsen Joshi: _ba passion for music/ _cby Abhik Majumdar |
||
| 260 |
_aNew Delhi _b Rupa.Co _c2004 |
||
| 270 |
_a7/16, Ansari Road, Daryaganj _bNew Delhi _e110002 |
||
| 300 |
_a78p. _c22 cm.(Hb) |
||
| 942 |
_2ddc _cEN _mMAJ _h780.42169092 |
||
| 999 |
_c69454 _d69454 |
||